000
00341nam a22001457a 4500
020
_a
978-8120417953
041
_a
ENG
100
_a
.Swaminathan .M
245
_a
Handbook of Food and Nutrition
250
_a
5 Edition
260
_a
Bangalore
_b
The Bangalore Printing &publishng co,ltd
_c
2012
300
_a
372
650
_a
APE
856
_u
APE
999
_c
11
_d
11